Регионална библиотека "Любен Каравелов" - Русе

Приказки (Запис номер 102179)

MARC детайли
000 -Лидер
Контролно поле с фиксирана дължина 01141nam a2200325 a 4500
003 - Код на организацията, давaща контролен номер
Контролно поле BLK
005 - Дата и час на последна редакция
Контролно поле 20240925005452.0
008 - Елементи от данни с фиксирана дължина
fixed length control field 180409b bul|||||r ||||||| ||bul||
010 ## - Наследен системен номер
LC control number KNG00107237000
040 ## - Източник на каталожния запис
Идентификатор на билиотеката - собственик на записа BLK
041 ## - Код за език
Код за езика на текст/звукозапис или на отделно заглавие Български
Код за езика КДБФ Български
080 ## - УДК
Текстов определител УДК Немска литература
УДК код - определител по УДК 821.112.2
УДК определител -93-34
УДК - код + определител 821.112.2-93-34
100 1# - Редна дума - Автор
Автор Хауф, Вилхелм
Авторска отговорност първи автор
R(LIN) 368216
139 ## - Редно поле
Редна дума Хауф, Вилхелм
Авторски знак Хауф - Х 33
245 10 - Сведения за заглавието
Заглавие Приказки
Редно поле (дума) Вилхелм Хауф; прев. от нем. Димитър Стоевски.
250 ## - Област на изданието
Сведения за изданието 2. изд.
257 ## - Страна на издаване
Страна на създаване/издаване Германия
260 ## - Област на издателските данни
Име на издателя, разпространителя и проч. Нар. младеж
Година на издаване 1966
Място на издаване, разпространение и проч. София
300 ## - Физическа характеристика
Страници 168 с., 1 л.
Илюстрации и др. портр.
Размери/Мащаб 29 см
380 ## - Жанр
Жанр Детска худож. лит.
490 ## - СЕРИИ (Колекции)
Име на серия Златна библиотека
№: серия 12
9 (RLIN) 201320
700 ## - Други автори (авторска отговорност)
Лично име Стоевски, Димитър
Пълна форма на името Чолаков, Димчо Стоев
9 (RLIN) 364897
852 ## - Местоположение
Форматна сигнатура Цб ІІ 12058
856 4# - Електронен адрес и достъп
Електронен формат pdf - файл
856 4# - Електронен адрес и достъп
Електронен формат pdf - файл
999 ## - СИСТЕМНИ КОНТРОЛНИ НОМЕРА
Koha biblionumber 102179
Koha biblioitemnumber 102179
942 ## - АРТИКУЛИ
Вид на библиотечния материал Книги
Скрит в OPAC Не
Koha issues (borrowed), all copies 3
Периодичен библиозапис Да
944 ## - СЪЗДАВАНЕ И РЕДАКЦИЯ на ЗАПИСА
Създаване/Редакция Създаване
Дата на регистрацията/редакция 23.07.2003
Служител, извършил регистрацията/редакцията
Статус, дата на статуса CRON CRON
944 ## - СЪЗДАВАНЕ И РЕДАКЦИЯ на ЗАПИСА
Създаване/Редакция Редакция
Дата на регистрацията/редакция 26.09.2017
Служител, извършил регистрацията/редакцията Севдалина_Василева
999 ## - СИСТЕМНИ КОНТРОЛНИ НОМЕРА
Koha biblioitemnumber 102179
Наличности
Код за отписване Код за изгубен артикул Код за повреда Коз за рестрикции Код за отдаване Артикулен № Име на библиотеката - собственик Име на библиотеката, в която се намира в момента Статус (Текущо местоположение) Дата на вписване в системата Местоположение - отдел Цена в лева Инвентарен номер Систематично азбучна сигнатура Баркод Номер на екземпляра Цена в евро Служебна бележка Служебен тип на артикула Бележка за публиката Източник на класификационната схема
Изтеглен Не е изгубен Не е повреден без рестрикции заемане за дома 165072 Регионална библиотека "Любен Каравелов" Русе Регионална библиотека "Любен Каравелов" Русе   2003-07-23 Детски отдел 5.00 120000677877 Д 820/899/Х 33 120000677877 1 2.56 Дост: DA Вид: А N: 21 Дата: 23.07.2003 Дата инв: 17.09.2015 Бележки инв: Д2015 Книги Отч.N: 39/2017 , Дата: 07.09.2017  
Изтеглен Не е изгубен Не е повреден без рестрикции заемане за дома 165073 Регионална библиотека "Любен Каравелов" Русе Регионална библиотека "Любен Каравелов" Русе Детски отдел 1967-01-01 Детски отдел 5.00 99/67 Д 820/899/Х 33 99/67 2 2.56 Дост: Pk Вид: Ф N: стар фонд Дата: 01.01.1967 Дата инв: 17.09.2015 Бележки инв: Д2015 Книги   Universal Decimal Classification
  Не е изгубен Не е повреден без рестрикции заемане за дома 165074 Регионална библиотека "Любен Каравелов" Русе Регионална библиотека "Любен Каравелов" Русе Детски отдел 1967-01-01 Детски отдел 2.03 17458/67 Д 820/899/Х 33 900000103178 3 1.04 Дост: Pk Вид: Ф N: стар фонд Дата: 01.01.1967 Дата инв: 17.09.2015 Бележки инв: Д2015 Книги   Universal Decimal Classification
Изтеглен Не е изгубен Не е повреден без рестрикции заемане за дома 165075 Регионална библиотека "Любен Каравелов" Русе Регионална библиотека "Любен Каравелов" Русе   1967-01-01 Детски отдел 0.50 633545 Д 820/899/Х 33 633545 4 0.26 Дост: Pk Вид: Ф N: стар фонд Дата: 01.01.1967 Дата инв: 17.09.2015 Бележки инв: Д2015 Книги Отч.N: 48/17 , Дата: 06.10.2017  
  Не е изгубен Не е повреден само за читалня ползва се в читалня 165076 Регионална библиотека "Любен Каравелов" Русе Регионална библиотека "Любен Каравелов" Русе Хранилище 1997-01-01 Хранилище 5.00 184/67 Цб ІІ 12058 900000037410 5 2.56 Дост: Dp Вид: Д N: стар фонд Дата: 01.01.1997 Книги   Universal Decimal Classification
Vip Innovations Ltd, Rousse, Bulgaria 2025